Ernst Gottlob Jaesche - imearst Häädemeeste pastoraadis

Titel: Ernst Gottlob Jaesche - imearst Häädemeeste pastoraadis
Verfasser:
In: Õpetatud Eesti Selts: Õpetatud Eesti Seltsi aastaraamat, (2012), Seite 57-80, Abb.
alle Artikel anzeigen
Veröffentlicht: 2012 [2013]
Format: Aufsatz
Sprache: Estnisch
Kein Bild verfügbar
X
alg: 39282481
001A    $01999:11-11-16 
001B    $01999:22-05-21 $t21:49:19.000 
001C    $06050:19-11-16 $t09:18:46.000 
001D    $01999:11-11-16 
001U    $0utf8 
001X    $00 
002@    $0Aox 
003@    $0392824817 
007A    $0392824817 $aHEB 
007T    $0Herdc0108843m 
010@    $aest 
011@    $a2012 $n2012 [2013] 
021A    $aErnst Gottlob Jaesche - imearst Häädemeeste pastoraadis 
028A    $aHaava $dUrsula 
031A    $h57-80, Abb. $j2012 
037A    $aengl. Res. 79-80: Ernst Gottlob Jaesche - a Healer in Häädemeeste Parsonage 
039B    $aIn $8--Abvc--Õpetatud Eesti Selts [Tb1]. Õpetatud Eesti Seltsi aastaraamat. - Tartu : Mattiesen, 1938-. - ISSN 1406-8486 $x201200000000000943 $9047885599 
045F    $a929.094798 $eDDC23BSB 
045F/01 $a929 
045F/03 $g4798 
045T    $a7,53 $a9,10 

lok: 39282481 78

exp: 39282481 78 1 #EPN
201B/01 $019-04-17 $t11:36:23.000 
201U/01 $0utf8 
203@/01 $0788935038 
208@/01 $a11-11-16 $be 
209A/01 $a/ $f000 $x00 
220C/01 $aTitelaufnehmer: kk 
220C/01 $aHerkunft: HI Marburg 
244Z/01 $2Trx $#Estija $#Igaunija $#Estland $#Estonia $#Estonia $#Estónsko $#Estonsko $8--Trx--Eesti $x01 $9391237225 
244Z/01 $2Trx $#Gudmannsbach $8--Trx--Häädemeeste $x02 $939126690X 
244Z/01 $aGeschichte 1867-1945 $x03 
244Z/01 $2Trx $8--Trx--Jaesche, Ernst Gottlob$Z1867-1945 $x04 $9391133225 
244Z/01 $2Trx $8--Trx--Jaesche, Gottlob Benjamin$Z1762-1842 $x05 $9391084143 
244Z/01 $2Trx $#vaimulikkond, evangeelne $#evangelikų dvasininkai $#Protestant clergy $#papság, evangélikus $#duchowieństwo ewangelickie $#duchovenstvo, evanjelické $#duchovenstvo evangelické $#Pfarrer $#farári $#faráři $8--Trx--Geistliche, evangelische $x06 $9391371878 
244Z/01 $2Trx $#baltisakslased $#Pabaltijo vokiečiai $#German Balts $#német-balti népek $#Niemcy bałtyccy $#Nemci pobaltskí $#Němci pobaltskí $8--Trx--Deutschbalten $x07 $9391369946 
244Z/01 $2Trx $#rahvameditsiin $#liaudies medicina $#Folk medicine $#népi gyógyítás $#medycyna ludowa $#liečiteľstvo ľudové $#léčitelství $#léčitelství lidové $8--Trx--Volksmedizin $x08 $9391371088 
244Z/01 $2Trx $8--Trx--Zeitschriftenaufsatz $x09 $9391384341 
245Z/01 $a12.03 $x01 
247C/01 $82080>Marburg/Lahn, Herder-Institut, Forschungsbibliothek, Bibliographieportal $9336309341
LEADER 00000caa a22000002c 4500
001 392824817
003 DE-603
005 20210522214919.0
007 tu
008 161111s2012 xx |||| | u00||u|est c
035 |a (DE-599)HEB392824817 
040 |a DE-603  |b ger  |c DE-603  |d DE-603 
041 |a est 
082 0 4 |8 1\u  |a 929.094798  |q DE-101  |2 23/BSB 
084 |a 7,53  |a 9,10  |2 ssgn 
085 |8 1\u  |b 929 
085 |8 1\u  |z 2  |s 4798 
100 1 |a Haava, Ursula 
245 0 0 |a Ernst Gottlob Jaesche - imearst Häädemeeste pastoraadis 
264 0 |c 2012 [2013] 
500 |a engl. Res. 79-80: Ernst Gottlob Jaesche - a Healer in Häädemeeste Parsonage 
773 0 8 |i In  |a Õpetatud Eesti Selts  |t Õpetatud Eesti Seltsi aastaraamat  |d Tartu : Mattiesen, 1938-  |x 1406-8486  |g (2012), Seite 57-80, Abb.  |w (DE-603)047885599  |w (DE-600)570191-0 
924 0 |9 2080  |a (DE-603)788935038  |b DE-2080  |c HES  |d d  |g /